Entrenamiento físico-deportivo y alimentación: de la infancia a la edad adulta

Salvato in:
Dettagli Bibliografici
Autori principali: Delgado Fernández, Manuel (Autore), Gutiérrez Saínz, A (Autore), Castillo Garzón, M. J (Autore)
Natura: Libro
Lingua:spagnolo
Pubblicazione: Barcelona Paidotribo 1997
Serie:Colección Nutrición y Salud
Soggetti:
Tags: Aggiungi Tag
Nessun Tag, puoi essere il primo ad aggiungerne!!

MARC

LEADER 00000nam a2200000 a 4500
001 UCQ2582
003 CL-VaPUC
008 980724e19970000SP |||||||||||||||||spa|d
020 |a 8478271589 
082 0 4 |a 796.077  |b DEL  |2 21 
100 |a Delgado Fernández, Manuel  |e author  |9 591301 
700 0 |a Gutiérrez Saínz, A  |e author  |9 416552 
700 0 |a Castillo Garzón, M. J  |e author  |9 416553 
245 1 0 |a Entrenamiento físico-deportivo y alimentación: de la infancia a la edad adulta 
300 |a 268 p 
942 |c BK 
945 |d 19980724 00:00:00  |a aarredon 
260 |a Barcelona  |b Paidotribo  |c 1997 
650 7 |a ENTRENAMIENTO ATLETICO  |2 CL-VaPUC  |9 416554 
650 0 |a Deportes  |9 224367 
650 0 |a Actividad física  |9 362156 
650 0 |a Educación física  |9 240893 
650 0 |a Alimentación  |9 334197 
650 7 |a PROTEINAS  |2 CL-VaPUC  |9 416555 
650 0 |a Lípidos   |9 306890 
650 0 |a Vitaminas  |9 343802 
650 7 |a INFANCIA  |2 CL-VaPUC  |9 416556 
583 |a last modification  |c 19980724 00:00:00  |k Rodrigo Vera 
490 0 |a Colección Nutrición y Salud 
999 |c 273384  |d 273382 
952 |0 0  |1 0  |4 0  |6 796_077000000000000_DEL_1997  |7 0  |8 A  |9 308898  |a BIBEDU  |b BIBEDU  |d 2019-11-20  |i 3446018  |o 796.077 DEL 1997  |p 3446018  |r 2019-11-20  |w 2019-11-20  |y BK  |k EFI 
952 |0 0  |1 0  |4 0  |6 796_077000000000000_DEL_1997  |7 0  |8 A  |9 308899  |a BIBEDU  |b BIBEDU  |d 2019-11-20  |i 3999513  |o 796.077 DEL 1997  |p 3999513  |r 2019-11-20  |w 2019-11-20  |y BK  |k BME